LEADER 02949nam 2200613 450 001 9910459726303321 005 20211006200849.0 010 $a3-11-037775-6 010 $a3-11-026329-7 024 7 $a10.1515/9783110263299 035 $a(EBL)1113310 035 $a(MiAaPQ)EBC1113310 035 $a(OCoLC)890066885 035 $a(Au-PeEL)EBL1113310 035 $a(CaPaEBR)ebr11006644 035 $a(CaONFJC)MIL805009 035 $a(EXLCZ)993710000000229057 100 $a20150126h20142014 uy| 0 101 0 $aeng 135 $aurcnu|||||||| 181 $ctxt 182 $cc 183 $acr 200 14$aThe dirac equation and its solutions /$fVladislav G. Bagrov, Dmitry Gitman 210 1$aBerlin :$cDe Gruyter,$d[2014] 210 4$d©2014 215 $a1 online resource (444 p.) 225 1 $aDe Gruyter studies in mathematical physics,$x2194-3532 ;$vvolume 4 300 $aDescription based upon print version of record. 311 0 $a3-11-916378-3 311 0 $a3-11-026292-4 320 $aIncludes bibliographical references and index. 327 $tFront matter --$tPreface --$tAcknowledgements --$tContents --$t1. Introduction --$t2. Relativistic equations of motion --$t3. Basic exact solutions --$t4. Particles in fields of special structure --$t5. Dirac-Pauli equation and its solutions --$t6. Propagators of relativistic particles --$t7. Electron interacting with a quantized electromagnetic plane wave --$t8. Spin equation and its solutions --$t9. One-dimensional Schrödinger equation and its solutions --$t10. Coherent states --$tA. Appendix 1 --$tB. Appendix 2 --$tBibliography --$tIndex --$tBackmatter 330 $aThe Dirac equation is of fundamental importance for relativistic quantum mechanics and quantum electrodynamics. In relativistic quantum mechanics, the Dirac equation is referred to as one-particle wave equation of motion for electron in an external electromagnetic field. In quantum electrodynamics, exact solutions of this equation are needed to treat the interaction between the electron and the external field exactly. In this monograph, all propagators of a particle, i.e., the various Green's functions, are constructed in a certain way by using exact solutions of the Dirac equation. 410 0$aDe Gruyter studies in mathematical physics ;$v4. 606 $aDirac equation 606 $aQuantum field theory 606 $aDifferential equations, Partial 606 $aWave equation 608 $aElectronic books. 615 0$aDirac equation. 615 0$aQuantum field theory. 615 0$aDifferential equations, Partial. 615 0$aWave equation. 676 $a530 700 $aBagrov$b Vladislav G.$01042022 702 $aGitman$b Dmitry 801 0$bMiAaPQ 801 1$bMiAaPQ 801 2$bMiAaPQ 906 $aBOOK 912 $a9910459726303321 996 $aThe dirac equation and its solutions$92465942 997 $aUNINA LEADER 03591nam 2200733Ia 450 001 9910450452703321 005 20200520144314.0 010 $a9786612763052 010 $a1-282-76305-9 010 $a1-59875-009-7 010 $a9780520241789 010 $a9781417545208 010 $a1-4175-4520-8 010 $a0-520-93794-5 010 $a0-520-24178-9 024 7 $a10.1525/9780520937949 035 $a(CKB)1000000000024228 035 $a(EBL)224495 035 $a(OCoLC)70773655 035 $a(SSID)ssj0000271654 035 $a(PQKBManifestationID)11248195 035 $a(PQKBTitleCode)TC0000271654 035 $a(PQKBWorkID)10293732 035 $a(PQKB)10735767 035 $a(MiAaPQ)EBC224495 035 $a(MdBmJHUP)muse30371 035 $a(DE-B1597)521153 035 $a(OCoLC)1110714412 035 $a(DE-B1597)9780520937949 035 $a(Au-PeEL)EBL224495 035 $a(CaPaEBR)ebr10068599 035 $a(CaONFJC)MIL276305 035 $a(EXLCZ)991000000000024228 100 $a20040421d2005 ub 0 101 0 $aeng 135 $aur|n|---||||| 181 $ctxt 182 $cc 183 $acr 200 10$aWhy did they kill?$b[electronic resource] $eCambodia in the shadow of genocide /$fAlex Hinton 210 $aBerkeley $cUniversity of California Press$d2005 215 $a1 online resource (385 p.) 225 1 $aCalifornia series in public anthropology ;$v11 300 $aDescription based upon print version of record. 311 $a0-520-24179-7 320 $aIncludes bibliographical references and index. 327 $aIntroduction : in the shadow of genocide -- The prison without walls -- A head for an eye : Disproportionate Revenge -- Power, patronage, and suspicion -- In the shade of Pol Pot's umbrella -- The fire without smoke -- The DK social order -- Manufacturing difference -- The dark side of face and honor -- Conclusion : why people kill. 330 $aOf all the horrors human beings perpetrate, genocide stands near the top of the list. Its toll is staggering: well over 100 million dead worldwide. Why Did They Kill? is one of the first anthropological attempts to analyze the origins of genocide. In it, Alexander Hinton focuses on the devastation that took place in Cambodia from April 1975 to January 1979 under the Khmer Rouge in order to explore why mass murder happens and what motivates perpetrators to kill. Basing his analysis on years of investigative work in Cambodia, Hinton finds parallels between the Khmer Rouge and the Nazi regimes. Policies in Cambodia resulted in the deaths of over 1.7 million of that country's 8 million inhabitants-almost a quarter of the population--who perished from starvation, overwork, illness, malnutrition, and execution. Hinton considers this violence in light of a number of dynamics, including the ways in which difference is manufactured, how identity and meaning are constructed, and how emotionally resonant forms of cultural knowledge are incorporated into genocidal ideologies. 410 0$aCalifornia series in public anthropology ;$v11. 606 $aPolitical atrocities$zCambodia 606 $aGenocide$zCambodia 607 $aCambodia$xPolitics and government$y1975-1979 608 $aElectronic books. 615 0$aPolitical atrocities 615 0$aGenocide 676 $a959.604/2 700 $aHinton$b Alexander Laban$0889006 801 0$bMiAaPQ 801 1$bMiAaPQ 801 2$bMiAaPQ 906 $aBOOK 912 $a9910450452703321 996 $aWhy did they kill$92457413 997 $aUNINA LEADER 01212nas 2200409- 450 001 9910132835003321 005 20230901123955.0 011 $a2767-2514 035 $a(OCoLC)919210130 035 $a(CKB)3390000000023066 035 $a(CONSER)--2021220092 035 $a(EXLCZ)993390000000023066 100 $a20150826b18611861 --- a 101 0 $aeng 135 $aur||||||||||| 181 $ctxt$2rdacontent 182 $cc$2rdamedia 183 $acr$2rdacarrier 200 00$aBrownlow's weekly Whig 210 1$aKnoxville, Tenn. :$cW.G. Brownlow,$d1861. 215 $a1 online resource (volumes) $cillustrations (chiefly advertisements) 300 $aEditor: W.G. Brownlow. 311 $a2165-8617 517 3 $aWeekly Whig 517 3 $aBrownlow's Whig 607 $aKnoxville (Tenn.)$vNewspapers 607 $aKnox County (Tenn.)$vNewspapers 607 $aTennessee$zKnox County$2fast 607 $aTennessee$zKnoxville$2fast 608 $aNewspapers.$2fast 608 $aNewspapers.$2lcgft 676 $a071 702 $aBrownlow$b William Gannaway$f1805-1877, 906 $aJOURNAL 912 $a9910132835003321 996 $aBrownlow's weekly Whig$91902066 997 $aUNINA